000 00571cam8a220021700 4500
001 zam00002343
008 951128s1976 xx eng u
035 _a(Sirsi) r87984
035 _a(MACHINE)SLC.
100 _aDye, T. R.
_6A47572.1
245 1 0 _aPolicy analysis.
260 _c1976.
949 _aH61
_wlcc
_mMAIN
_tBOOK
_lON-SHELF
004 87984
591 _aClass code: PA 420.
591 _aCourse: Public policy analysis.
591 _aSchool: S05.
591 _aLecturer: Dr. MULIKITA, R.T.
591 _aNumber of Students: 80.
909 _aBook
999 _c150318
_d150318